Странное свойство : Стихи и поэмы разных лет

গ্রন্থ-পঞ্জীর বিবরন
প্রধান লেখক: Васильева Л. Н. Лариса Николаевна
অন্যান্য লেখক: Тюрин А. В. (редактор)
সংক্ষিপ্ত:Исключено из фонда НТБ ТПУ
ভাষা:রুশ
প্রকাশিত: Москва, Советский писатель, 1991
বিন্যাস: MixedMaterials গ্রন্থ
KOHA link:https://koha.lib.tpu.ru/cgi-bin/koha/opac-detail.pl?biblionumber=263965

MARC

LEADER 00000nam0a2200000 4500
001 263965
005 20231031222638.0
010 |a 5265012370 
035 |a (RuTPU)RU\TPU\book\286956 
090 |a 263965 
100 |a 20140616d1991 m y0rusy50 ca 
101 0 |a rus 
102 |a RU 
105 |a c z 000gy 
200 1 |a Странное свойство : Стихи и поэмы разных лет  |f Л. Н. Васильева  |g под ред. А. В. Тюрина 
210 |a Москва  |c Советский писатель  |d 1991 
215 |a 304 с.  |c портр. 
333 |a Исключено из фонда НТБ ТПУ 
700 1 |a Васильева  |b Л. Н.  |g Лариса Николаевна  |4 070 
702 1 |a Тюрин  |b А. В.  |4 340 
801 1 |a RU  |b 63413507  |c 20140616 
801 2 |a RU  |b 63413507  |c 20161114  |g RCR 
942 |c BK